000 01737cam a2200289 i 4500
999 _c56795
_d56795
001 003108307
005 20190424123959.0
008 070418s2006 ru 000 | rus|d
020 _a5829005557
040 _aRuMoRKP
_brus
_ercr
_dRuMoRGB
041 0 _arus
080 _a342.7
084 _aХ620.3,0
_2rubbk
084 _aХ911.3,0
_2rubbk
100 1 _aСтремоухов, Алексей Васильевич
_9463
245 0 0 _aПравовая защита человека :
_bмонография /
_cА. В. Стремоухов ; Ленинградский гос. ун-т им. А. С. Пушкина
260 _aСанкт-Петербург :
_bЛенинградский гос. ун-т им. А. С. Пушкина,
_c2007
300 _a323 с.;
_c20 см.
504 _aБиблиогр.: с. 301-321
533 _aИмеется электронная копия
650 7 _aГосударство и право. Юридические науки -- Государственное (конституционное) право -- Российская Федерация -- Правовое положение граждан
_2rubbk
_9464
650 7 _aГосударство и право. Юридические науки -- Международное публичное право -- Вопросы населения в международном праве -- Защита прав человека
_2rubbk
_9372
852 _a2006286131
_bFB
_cBOOK
_d90
_e20070503
_f20180424
_gGNP
_j1 07-13/406
852 _a2006286146
_bFB
_cBOOK
_d90
_e20070503
_f20180327
_gGNP
_j1 07-13/405
856 4 1 _qapplication/pdf
_uhttp://dlib.rsl.ru/rsl01003000000/rsl01003108000/rsl01003108307/rsl01003108307.pdf
942 _2udc
_cBK